Loading...
Literature - American Literature | 0 | 5 | 1 | 3 | 45 | 129 | 151.80 | 0 | 0 |
Literature - World Literature | 0 | 4 | 0 | 1 | 40 | 65 | 116.00 | 0 | 1 |
Other Academic | 0 | 1 | 0 | 1 | 10 | 155 | 155.00 | 0 | 0 |
Fine Arts - Painting & Sculpture | 0 | 1 | 0 | 0 | 10 | 136 | 136.00 | 0 | 0 |
History - Other History | 0 | 1 | 0 | 1 | 10 | 156 | 156.00 | 0 | 0 |
Fine Arts - Other Fine Arts | 0 | 1 | 0 | 0 | 10 | 93 | 93.00 | 0 | 0 |
Mythology | 0 | 1 | 0 | 1 | 10 | 156 | 156.00 | 0 | 0 |
Literature - European Literature | 0 | 1 | 0 | 0 | 10 | 144 | 144.00 | 0 | 0 |
Current Events | 0 | 0 | 0 | 0 | 0 | 0.00 | 0 | 0 | |
History - World History | 0 | 1 | 2 | 0 | 0 | 85 | 85.00 | 0 | 1 |
Literature - British Literature | 0 | 0 | 0 | 0 | 0 | 0.00 | 0 | 0 | |
Philosophy | 0 | 0 | 0 | 0 | 0 | 0.00 | 0 | 0 | |
Geography | 0 | 0 | 1 | 0 | -5 | 0.00 | 0 | 0 | |
Science - Other Science | 0 | 0 | 1 | 0 | -5 | 0.00 | 0 | 0 | |
Religion | 0 | 0 | 1 | 0 | -5 | 0.00 | 0 | 0 | |
History - American History | 0 | 0 | 2 | 0 | -10 | 0.00 | 0 | 0 |